000 00605cam a22002053a 4500
001 44575
003 PGUSA
005 20140828084022.0
008 140103s2014||||xxu|||||s|||||000 | eng d
040 _aPGUSA
_beng
042 _adc
100 1 _aFechner, Gustav Theodor,
_d1801-1887
245 1 0 _aDas Büchlein vom Leben nach dem Tode
_h[electronic resource] /
_cGustav Theodor Fechner
260 _bProject Gutenberg,
_c2014
506 _aPublic domain in the USA.
516 _aElectronic text
830 0 _aProject Gutenberg
_v44575
856 4 0 _uhttp://www.gutenberg.org/ebooks/44575
942 _cEB
999 _c273826
_d273826